Discussion manual for student discipleship; vol. 1. (Record no. 12479)

000 -LEADER
fixed length control field 00839nam a2200217 a 4500
001 - CONTROL NUMBER
control field :::00010281$&:&@@
003 - CONTROL NUMBER IDENTIFIER
control field OkBaRHE
005 - DATE AND TIME OF LATEST TRANSACTION
control field 20000915151857.0
008 - FIXED-LENGTH DATA ELEMENTS--GENERAL INFORMATION
fixed length control field s1978 j 000 0 eng u
040 ## - CATALOGING SOURCE
Transcribing agency
100 1# - MAIN ENTRY--PERSONAL NAME
Personal name McAllister, Dawson and Webster, Dan.
245 10 - TITLE STATEMENT
Title Discussion manual for student discipleship; vol. 1.
260 ## - PUBLICATION, DISTRIBUTION, ETC. (IMPRINT)
Place of publication, distribution, etc Dallas, TX., :
Name of publisher, distributor, etc Roper Press, Inc.
Date of publication, distribution, etc c1978
300 ## - PHYSICAL DESCRIPTION
Extent v. (1-2) : illus. ;
Dimensions 27 cm.
650 ## - SUBJECT ADDED ENTRY--TOPICAL TERM
Topical term or geographic name as entry element Church Work with Youth
700 ## - ADDED ENTRY--PERSONAL NAME
Personal name Webster, Dan, Joint author.
942 ## - ADDED ENTRY ELEMENTS (KOHA)
Source of classification or shelving scheme
Koha item type Books
Copies
Permanent Location Lost status Price effective from Source of classification or shelving scheme Full call number Date last seen Shelving location Copy number Date acquired Koha item type Damaged status Not for loan Barcode Withdrawn status
RHEMA Bible Training College 2010-04-14 BV 4447 .M32010-04-14General Stacks12010-04-14Books  10281 
RHEMA Bible Training College 2010-04-14 BV 4447 .M32010-04-14General Stacks22010-04-14Books  15970 
RHEMA Bible Training College 2010-04-14 BV 4447 .M32010-04-14General Stacks32010-04-14Books  20042